You and stress / (Record no. 616)

000 -LEADER
fixed length control field nam a22 a 4500
005 - DATE AND TIME OF LATEST TRANSACTION
control field 20170504123542.0
008 - FIXED-LENGTH DATA ELEMENTS--GENERAL INFORMATION
fixed length control field 170504b1984 aca||||| |||| 00| 0 eng d
020 ## - INTERNATIONAL STANDARD BOOK NUMBER
International Standard Book Number 0140250468 (pbk) :
Terms of availability £6.99
040 ## - CATALOGING SOURCE
Original cataloging agency AKMAL
082 ## - DEWEY DECIMAL CLASSIFICATION NUMBER
Classification number 155.9042 BOB
090 ## - LOCALLY ASSIGNED LC-TYPE CALL NUMBER (OCLC); LOCAL CALL NUMBER (RLIN)
Classification number (OCLC) (R) ; Classification number, CALL (RLIN) (NR) 155.9042
Local cutter number (OCLC) ; Book number/undivided call number, CALL (RLIN) BOB
100 10 - MAIN ENTRY--PERSONAL NAME
Personal name Montgomery, Bob,
Dates associated with a name 1943-
9 (RLIN) 1345
245 10 - TITLE STATEMENT
Title You and stress /
Statement of responsibility, etc. Bob Montgomery and Lynette Evans
260 ## - PUBLICATION, DISTRIBUTION, ETC.
Place of publication, distribution, etc. London :
Name of publisher, distributor, etc. Penguin,
Date of publication, distribution, etc. 1995
300 ## - PHYSICAL DESCRIPTION
Extent 247p. :
Other physical details ill. ;
Dimensions 20cm
500 ## - GENERAL NOTE
General note Originally published: Australia : Thomas Nelson, 1984.
650 #0 - SUBJECT ADDED ENTRY--TOPICAL TERM
Topical term or geographic name entry element Stress management
9 (RLIN) 1069
650 #0 - SUBJECT ADDED ENTRY--TOPICAL TERM
Topical term or geographic name entry element Stress (Psychology)
9 (RLIN) 761
650 #0 - SUBJECT ADDED ENTRY--TOPICAL TERM
Topical term or geographic name entry element Self-care, Health
9 (RLIN) 68
700 #1 - ADDED ENTRY--PERSONAL NAME
Personal name Evans, Lynette
9 (RLIN) 1346
942 ## - ADDED ENTRY ELEMENTS (KOHA)
Source of classification or shelving scheme
Koha item type Book
Holdings
Withdrawn status Lost status Source of classification or shelving scheme Damaged status Not for loan Collection code Home library Current library Shelving location Date acquired Inventory number Total Checkouts Full call number Barcode Date last seen Price effective from Koha item type
          NON-FICTION AKMAL Melaka AKMAL Melaka PINJAMAN 04.05.2017 00268   155.9042 BOB 201701485 04.05.2017 04.05.2017 Book
Pusat Sumber Maklumat Dato' Haji Sarmin Md Hussin, Akademi Kastam Diraja Malaysia, Melaka
Tel: 06-2331106 | Faks: 06-2313787